Física : (Registro nro. 386)

000 -CABECERA
Longitud fija campo de control 00538nam a22001937a 4500
003 - IDENTIFICADOR DELl NÚMERO DE CONTROL
Identificador del número de control OSt
005 - FECHA Y HORA DE LA ÚLTIMA TRANSACCIÓN
Fecha y hora de la última transacción 20150425094917.0
008 - CÓDIGOS DE INFORMACIÓN DE LONGITUD FIJA
Códigos de información de longitud fija 030206s2002 ck 000 0 spa d
020 ## - NÚMERO INTERNACIONAL NORMALIZADO PARA LIBROS
Número Internacional Normalizado para Libros (ISBN) 9688804576
040 ## - FUENTE DE LA CATALOGACIÓN
Centro transcriptor OSt
082 04 - NÚMERO DE LA CLASIFICACIÓN DECIMAL DEWEY
Número de clasificación Decimal 530
Número de documento (Cutter) F574
Número de edición DEWEY 21
100 1# - PUNTO DE ACCESO PRINCIPAL-NOMBRE DE PERSONA
Nombre de persona Fishbane, Paul M.
9 (RLIN) 2199
245 00 - TÍTULO PROPIAMENTE DICHO
Título Física :
Resto del título para ciencias e ingeniería /
Mención de responsabilidad, etc. Paul M. Fishbane; Stephen Gasiorowickz; Stephen T. Thornton
260 ## - PUBLICACIÓN, DISTRIBUCIÓN, ETC. (PIE DE IMPRENTA)
Lugar de publicación, distribución, etc. México :
Nombre del editor, distribuidor, etc. PEARSON,
Fecha de publicación, distribución, etc. 1994.
300 ## - DESCRIPCIÓN FÍSICA
Extensión 1421 p.
490 ## - MENCIÓN DE SERIE
Mención de serie II v.
650 04 - PUNTO DE ACCESO ADICIONAL DE MATERIA - TÉRMINO DE MATERIA
Fuente del encabezamiento o término LEMB
Subdivisión de materia general FÍSICA
9 (RLIN) 2200
942 ## - ENTRADA DE ELEMENTOS AGREGADOS (KOHA)
Fuente de clasificaión o esquema
Koha [por defecto] tipo de item Libro
Existencias
Código de barras Fecha última consulta Tipo de Descarte Asignatura Restricciones de uso Signatura completa Localización actual Mostrar en OPAC Fecha de Descarte Fecha adquisición Fuente de clasificación o esquema Número de copia Forma de Material No para préstamo Localización en estanterías Disponibilidad Localización permanente
023532013-04-17NULLUSAPNULL530 F574 1994Biblioteca Central NULL2013-04-172013-04-17 Ej. 1Colección GeneralNULLFondo GeneralNULLBiblioteca Central
023542013-04-17NULLUSAPNULL530 F574 1994Biblioteca Central NULL2013-04-172013-04-17 Ej. 2Colección GeneralNULLFondo GeneralNULLBiblioteca Central
023552013-04-17NULLUSAPNULL530 F574 1994Biblioteca Central NULL2013-04-172013-04-17 Ej. 3Colección GeneralNULLFondo GeneralNULLBiblioteca Central
023562013-04-17NULLUSAPNULL530 F574 1994Biblioteca Central NULL2013-04-172013-04-17 Ej. 4Colección GeneralNULLFondo GeneralNULLBiblioteca Central
023572013-04-17NULLUSAPNULL530 F574 1994Biblioteca Central NULL2013-04-172013-04-17 Ej. 5Colección GeneralNULLFondo GeneralNULLBiblioteca Central
023582013-04-17NULLUSAPNULL530 F574 1994Biblioteca Central NULL2013-04-172013-04-17 Ej. 6Colección GeneralNULLFondo GeneralNULLBiblioteca Central
023592013-04-17NULLUSAPNULL530 F574 1994Biblioteca Central NULL2013-04-172013-04-17 Ej. 7Colección GeneralNULLFondo GeneralNULLBiblioteca Central
023602013-04-17NULLUSAPNULL530 F574 1994Biblioteca Central NULL2013-04-172013-04-17 Ej. 8Colección GeneralNULLFondo GeneralNULLBiblioteca Central
023612013-04-17NULLUSAPNULL530 F574 1994Biblioteca Central NULL2013-04-172013-04-17 Ej. 9Colección GeneralNULLFondo GeneralNULLBiblioteca Central
023622013-04-17NULLUSAPNULL530 F574 1994Biblioteca Central NULL2013-04-172013-04-17 Ej. 10Colección GeneralNULLFondo GeneralNULLBiblioteca Central

Campus Universitario - Ave. Circunvalación - San Pedro Sula, Honduras, C.A. / Tel: +504 2561.8777 / Fax: +504 2561.8787 / Email: info@usap.edu
Todos los Derechos Reservados. © MMXIII Universidad de San Pedro Sula